|
|
|
|
| LEADER |
00000cas a2200000 a 4500 |
| 001 |
036175 |
| 003 |
UAHC_CL |
| 005 |
20170803123947.0 |
| 008 |
050824b cl 000 spa |
| 022 |
|
|
|a 07177658
|
| 040 |
|
|
|a UAHC_CL
|c UAHC_CL
|d UAHC_CL
|
| 245 |
1 |
0 |
|a Pensamiento y sociedad :
|b Revista de la Facultad de Ciencias Sociales.
|
| 260 |
|
|
|b Universidad Central de Chile. Facultad de Ciencias Sociales
|a Santiago, Chile
|
| 505 |
0 |
|
|a Efectos psicológicos de los patrones vinculares tempranos y la función inmunológica del organismo -- La virtualidad resquebraja el paradigma de educación superior -- Las reglas del método sociológico de Durkheim ¿independencia de toda filosofía y exclusión de todas las prenociones? -- Una profesión en el laberinto -- La secreta reserva del individuo y el mirarse vivir -- Identidad social y socialización universitaria en estudiantes de cursos avanzados de psicología de la Universidad Central -- Del discurso cotidiano a la construcción de la identidad social profesional: los estudiantes de psicología de la Universidad Central -- Etnopsicología organizacional -- Etología de la música: motivos y patrones musicales como desencadenantes innatos en el ser humano -- Tipos de intervención no consideradas terapeúticas.
|
| 650 |
|
4 |
|a CIENCIAS SOCIALES
|
| 710 |
1 |
|
|a Universidad Central de Chile
|
| 900 |
|
|
|a PENSAM. SOC.
|
| 942 |
|
|
|c REV
|
| 952 |
|
|
|0 0
|1 0
|4 0
|6 PENSAM___SOC
|7 0
|8 General
|9 68897
|a BC
|b BC
|c General
|d 2017-08-03
|l 0
|o PENSAM. SOC.
|p 1349676
|r 2019-01-03 00:00:00
|t 1
|w 2017-08-03
|y REV
|
| 999 |
|
|
|c 36175
|d 36175
|